Vvedenije v mikroprocessory programmnoje obespečenije, apparatnyje sredstva, programmirovanije
Gespeichert in:
| 1. Verfasser: | |
|---|---|
| Format: | Buch |
| Sprache: | Russisch |
| Veröffentlicht: |
Moskva
Energoatomizdat
1983
|
| Tags: |
Keine Tags, Fügen Sie das erste Tag hinzu!
|
MARC
| LEADER | 00000nam a2200000 4500 | ||
|---|---|---|---|
| 001 | c113314 | ||
| 005 | 20240912133250.2 | ||
| 041 | 0 | |a rus | |
| 044 | |a RU | ||
| 245 | 1 | 0 | |a Vvedenije v mikroprocessory |b programmnoje obespečenije, apparatnyje sredstva, programmirovanije |c Lance A. Leventhal ; [Perevod s anglijskogo V.V. Stašin] |
| 264 | 1 | |a Moskva |b Energoatomizdat |c 1983 | |
| 300 | |a 463 s. | ||
| 100 | 1 | |a Leventhal, Lance A. | |